Movies Quiz

Random Movies or Alphabet Quiz

Alphabetical Movies Times Two Quiz Stats

Quiz Updated Mar 30, 2015

Also try: 57 'A' Movies
Challenge
Share
Tweet
Embed
Score 0/52 Timer 10:00
1 Play Today
Letter & Year Movie % Correct
A: 1979Alien
91%
B: 1985Back to the Future
91%
X: 2000X-Men
86.9%
C: 1942Casablanca
86.2%
Z: 2001Zoolander
83.2%
P: 1960Psycho
75.2%
I: 2009Inglourious Basterds
74.3%
J: 1975Jaws
73.8%
H: 1978Halloween
73%
V: 2006V for Vendetta
72.9%
Q: 2008Quantum of Solace
70.9%
O: 2001Ocean's Eleven
70%
S: 1991The Silence of the Lambs
67.3%
S: 1978Superman
65.9%
K: 1933King Kong
64.7%
L: 2003Lost in Translation
62.8%
G: 1966The Good, the Bad, and the Ugly
62.7%
D: 2006The Departed
62.2%
F: 1996Fargo
62%
X: 2002xXx
58.2%
P: 2004The Passion of the Christ
57.1%
W: 1992Wayne's World
56.8%
U: 1992Unforgiven
55.3%
M: 2000Memento
51.8%
E: 1994Ed Wood
51.1%
R: 1988Rain Man
50.8%
Letter & Year Movie % Correct
T: 1956The Ten Commandments
50.6%
Y: 1983Yentl
48.6%
D: 1995Desperado
47.8%
N: 1988The Naked Gun
46.8%
O: 1983Octopussy
43.9%
M: 1964Mary Poppins
43.1%
F: 1971Fiddler on the Roof
41%
K: 1956The King and I
38.9%
N: 1994Natural Born Killers
38.3%
C: 1974Chinatown
37.1%
T: 2005Team America: World Police
31%
E: 1980The Elephant Man
28.5%
A: 1950All About Eve
27.5%
U: 1992Under Siege
26.3%
R: 2000Requiem for a Dream
24.3%
I: 2005The Island
22.9%
W: 2009Watchmen
20.8%
J: 1996Jingle All the Way
18.8%
B: 1995Before Sunrise
16.8%
Q: 1994Quiz Show
15.8%
V: 2004Van Helsing
15.6%
H: 1994Heavenly Creatures
14.4%
Z: 1964Zulu
13.6%
L: 1997L.A. Confidential
13.5%
G: 1981Gallipoli
13.1%
Y: 1938You Can't Take It with You
8.6%

You're not logged in!

Compare scores with friends on all Sporcle quizzes.
Join for Free
OR
Log In

You Might Also Like...

Show Comments

Extras

Top Quizzes Today


Score Distribution

Your Account Isn't Verified!

In order to create a playlist on Sporcle, you need to verify the email address you used during registration. Go to your Sporcle Settings to finish the process.

Report this User

Report this user for behavior that violates our Community Guidelines.

Details: